Statistics for Click Timeline: Countries Independence

Click here to take the quiz!

General Stats

  • This quiz has been taken 38,778 times
  • The average score is 6 of 12

Answers on the Map

Answers color-coded by a green-red scale on the quiz's map according to % correct below.
 

Answer Stats

Answer% Correct
United States
94%
South Sudan
80%
India
66%
Eritrea
56%
Canada
52%
Bangladesh
50%
Turkey
49%
Mexico
46%
D.R. Congo
42%
Brazil
39%
Cuba
38%
Liberia
32%

Score Distribution

Percentile by Number Answered

Percent of People with Each Score

Your Score History

You have not taken this quiz